15 Largest Cities in Bolivia🇧🇴 - Statistics

General Stats
  • This quiz has been taken 41 times
  • The average score is 6 of 15
Answer Stats
Population City % Correct
812k La Paz
100%
1.3 mil Santa Cruz
97%
224k Sucre
93%
900k Cochabamba
72%
141k Potosi
55%
208k Oruro
45%
159k Tarija
41%
84k Trinidad
34%
74k Riberalta
17%
82k Yacuiba
17%
107k Sacaba
14%
88k Montero
10%
87k Quillacollo
10%
36k Guayaramerin
0%
53k Tiquipaya
0%
No matching quizzes found
Score Distribution
Percent of People with Each Score
Percentile by Number Answered
Your Score History
You have not taken this quiz